Física
Đã lưu trong:
| Tác giả chính: | |
|---|---|
| Định dạng: | Sách |
| Ngôn ngữ: | Tiếng Tây Ban Nha |
| Được phát hành: |
Ciudad de México
McGraw-Hill
1997
|
| Phiên bản: | 4a. ed |
| Những chủ đề: | |
| Các nhãn: |
Thêm thẻ
Không có thẻ, Là người đầu tiên thẻ bản ghi này!
|
MARC
| LEADER | 00000nam a2200000 a 4500 | ||
|---|---|---|---|
| 001 | UCS2189 | ||
| 003 | CL-VaPUC | ||
| 008 | 970522e19970000MX |||||||||||||||||spa|d | ||
| 020 | |a 9701012968v.1 | ||
| 020 | |a 9701012976v.2 | ||
| 082 | 0 | 4 | |a 530 |b SER |2 21 |
| 100 | 0 | |a Serway, Raymond A |e author |9 254 | |
| 245 | 1 | 0 | |a Física |
| 250 | |a 4a. ed | ||
| 300 | |a v | ||
| 942 | |c BK | ||
| 945 | |d 19970522 00:00:00 |a rbrito | ||
| 260 | |a Ciudad de México |b McGraw-Hill |c 1997 | ||
| 650 | 0 | |a Física |9 227844 | |
| 650 | 0 | |a Mecánica |9 260096 | |
| 650 | 7 | |a LEYES DE NEWTON |2 CL-VaPUC |9 354936 | |
| 650 | 0 | |a Mecánica ondulatoria (ondas mecánicas) |9 387301 | |
| 650 | 0 | |a Termodinámica |9 259320 | |
| 650 | 0 | |a Vectores |9 317184 | |
| 650 | 7 | |a ENREGIA |2 CL-VaPUC |9 387302 | |
| 650 | 0 | |a Movimiento |9 322237 | |
| 650 | 7 | |a ROTACION |2 CL-VaPUC |9 359703 | |
| 650 | 7 | |a MOMENTO LINEAL |2 CL-VaPUC |9 387303 | |
| 650 | 7 | |a EQUILIBRIO ESTATICO |2 CL-VaPUC |9 387304 | |
| 650 | 0 | |a Mecánica de fluidos |9 259464 | |
| 650 | 0 | |a Ondas sonoras |9 322250 | |
| 650 | 7 | |a LEY DE LA GRAVEDAD |2 CL-VaPUC |9 387305 | |
| 650 | 0 | |a Calor |9 260253 | |
| 650 | 7 | |a TEORIA CINETICA |2 CL-VaPUC |9 355304 | |
| 650 | 0 | |a Gases |9 260945 | |
| 650 | 0 | |a Máquinas térmicas |9 387306 | |
| 583 | |a last modification |c 20180731 17:34:24 |k Rodrigo Vera | ||
| 999 | |c 260171 |d 260169 | ||
| 952 | |0 0 |1 0 |4 0 |6 530_000000000000000_SER_1997 |7 0 |8 A |9 285854 |a BIBING |b BIBING |d 2019-11-19 |h v.1 |i 3308197 |o 530 SER 1997 |p 3308197 |r 2025-01-20 |w 2019-11-19 |y BK |k ING | ||
| 952 | |0 0 |1 0 |4 0 |6 530_000000000000000_SER_1997 |7 0 |8 A |9 285855 |a BIBING |b BIBING |d 2019-11-19 |h v.1 |i 3308200 |o 530 SER 1997 |p 3308200 |r 2023-03-02 |w 2019-11-19 |y BK |k ING | ||
| 952 | |0 0 |1 0 |4 0 |6 530_000000000000000_SER_1997 |7 0 |8 R |9 285869 |a BIBMEC |b BIBMEC |d 2019-11-19 |h v.2 |i 3391116 |o 530 SER 1997 |p 3391116 |r 2024-01-19 |w 2019-11-19 |y BK_R |k MEC | ||
| 952 | |0 0 |1 0 |4 0 |6 530_000000000000000_SER_1997 |7 0 |8 R |9 285893 |a BIBMEC |b BIBMEC |d 2019-11-19 |h v.2 |i 3461866 |o 530 SER 1997 |p 3461866 |r 2024-01-19 |w 2019-11-19 |y BK_R |k MEC | ||
| 952 | |0 0 |1 0 |4 0 |6 530_000000000000000_SER_1997 |7 0 |8 R |9 285894 |a BIBMEC |b BIBMEC |d 2019-11-19 |h v.2 |i 3461874 |o 530 SER 1997 |p 3461874 |r 2019-11-19 |w 2019-11-19 |y BK_R |k MEC | ||
| 952 | |0 0 |1 0 |4 0 |6 530_000000000000000_SER_1997 |7 0 |8 R |9 285903 |a BIBMEC |b BIBMEC |d 2019-11-19 |h v.1 |i 3481239 |o 530 SER 1997 |p 3481239 |r 2024-01-19 |w 2019-11-19 |y BK_R |k MEC | ||
| 952 | |0 0 |1 0 |4 0 |6 530_000000000000000_SER_1997 |7 0 |8 R |9 285928 |a BIBMEC |b BIBMEC |d 2019-11-19 |h v.2 |i 3529711 |o 530 SER 1997 |p 3529711 |r 2024-01-19 |w 2019-11-19 |y BK_R |k MEC | ||
| 952 | |0 0 |1 0 |4 0 |6 530_000000000000000_SER_1997 |7 0 |8 A |9 285965 |a BIBING |b BIBING |d 2019-11-19 |h v.1 |i 3614719 |l 1 |o 530 SER 1997 |p 3614719 |r 2025-01-20 |s 2022-04-07 |w 2019-11-19 |y BK |k ING | ||
| 952 | |0 0 |1 0 |4 0 |6 530_000000000000000_SER_1997 |7 0 |8 R |9 285968 |a BIBMEC |b BIBMEC |d 2019-11-19 |h v.2 |i 3624293 |o 530 SER 1997 |p 3624293 |r 2019-11-19 |w 2019-11-19 |y BK_R |k MEC | ||
| 952 | |0 0 |1 0 |4 0 |6 530_000000000000000_SER_1997 |7 0 |8 R |9 285969 |a BIBMEC |b BIBMEC |d 2019-11-19 |h v.1 |i 3625133 |l 2 |o 530 SER 1997 |p 3625133 |r 2024-01-19 |s 2023-09-05 |w 2019-11-19 |y BK_R |k MEC | ||
| 952 | |0 0 |1 0 |4 0 |6 530_000000000000000_SER_1997 |7 0 |8 R |9 285970 |a BIBMEC |b BIBMEC |d 2019-11-19 |h v.2 |i 3625141 |o 530 SER 1997 |p 3625141 |r 2024-01-19 |w 2019-11-19 |y BK_R |k MEC | ||
| 952 | |0 0 |1 0 |4 0 |6 530_000000000000000_SER_1997 |7 0 |8 R |9 285971 |a BIBMEC |b BIBMEC |d 2019-11-19 |h v.1 |i 3650375 |l 2 |o 530 SER 1997 |p 3650375 |r 2024-01-19 |s 2023-09-08 |w 2019-11-19 |y BK_R |k MEC | ||
| 952 | |0 0 |1 0 |4 0 |6 530_000000000000000_SER_1997 |7 0 |8 R |9 285976 |a BIBMEC |b BIBMEC |d 2019-11-19 |h v.1 |i 3685020 |o 530 SER 1997 |p 3685020 |r 2024-01-19 |w 2019-11-19 |y BK_R |k MEC | ||
| 952 | |0 0 |1 0 |4 0 |6 530_000000000000000_SER_1997 |7 0 |8 R |9 285979 |a BIBMEC |b BIBMEC |d 2019-11-19 |h v.2 |i 3725316 |o 530 SER 1997 |p 3725316 |r 2024-01-19 |w 2019-11-19 |y BK_R |k MEC | ||
| 952 | |0 0 |1 0 |4 0 |6 530_000000000000000_SER_1997 |7 0 |8 R |9 285980 |a BIBMEC |b BIBMEC |d 2019-11-19 |h v.2 |i 3725324 |o 530 SER 1997 |p 3725324 |r 2024-01-19 |w 2019-11-19 |y BK_R |k MEC | ||
| 952 | |0 0 |1 0 |4 0 |6 530_000000000000000_SER_1997 |7 0 |8 R |9 285981 |a BIBMEC |b BIBMEC |d 2019-11-19 |h v.2 |i 3725332 |o 530 SER 1997 |p 3725332 |r 2024-01-19 |w 2019-11-19 |y BK_R |k MEC | ||
| 952 | |0 0 |1 0 |4 0 |6 530_000000000000000_SER_1997 |7 0 |8 R |9 285983 |a BIBMEC |b BIBMEC |d 2019-11-19 |h v.1 |i 3734676 |l 2 |o 530 SER 1997 |p 3734676 |r 2024-04-30 |s 2024-04-30 |w 2019-11-19 |y BK_R |k MEC | ||
| 952 | |0 0 |1 0 |4 0 |6 530_000000000000000_SER_1997 |7 0 |8 R |9 285987 |a BIBMEC |b BIBMEC |d 2019-11-19 |h v.2 |i 3736571 |o 530 SER 1997 |p 3736571 |r 2024-01-19 |w 2019-11-19 |y BK_R |k MEC | ||
| 952 | |0 0 |1 0 |4 0 |6 530_000000000000000_SER_1997 |7 0 |8 A |9 285988 |a BIBING |b BIBING |d 2019-11-19 |i 4146972 |o 530 SER 1997 |p 4146972 |r 2023-03-02 |w 2019-11-19 |y BK |k ING | ||